| 000 | 00474 a2200169 4500 | ||
|---|---|---|---|
| 003 | OSt | ||
| 005 | 20230919132938.0 | ||
| 008 | 230919b |||||||| |||| 00| 0 eng d | ||
| 020 | _a0713785055 | ||
| 040 | _coclc | ||
| 082 |
_a709.17671 _bBAM/T |
||
| 100 |
_aBamborough, Philip _99522 |
||
| 245 |
_aTreasures of Islam / _cPhilip Bamborough |
||
| 260 | _bBlandford press | ||
| 300 | _a160 p | ||
| 942 |
_2ddc _cBK _h709.17671 _iBAM/T _k709.17671 _mBAM/T |
||
| 999 |
_c42284 _d42284 |
||